Central Library OPAC University of Rajshahi

Regional Workshop on Techniques of Analysis of World Fertility Survey Data : (Record no. 33751)

MARC details
000 -LEADER
fixed length control field 01670nam a2200361 a 4500
001 - CONTROL NUMBER
control field 33751
003 - CONTROL NUMBER IDENTIFIER
rucl marc code BD-RjUL
005 - DATE AND TIME OF LATEST TRANSACTION
control field 20211209052044.0
008 - FIXED-LENGTH DATA ELEMENTS--GENERAL INFORMATION
fixed length control field 140511s1979 ne a b 100 0 eng
035 ## - SYSTEM CONTROL NUMBER
System control number (BD-RjUL)33842
040 ## - CATALOGING SOURCE
Original cataloging agency DLC
Transcribing agency DLC
Modifying agency BD-RjUL
Language of cataloging eng
041 ## - LANGUAGE CODE
Language code of text/sound track or separate title eng
082 00 - DEWEY DECIMAL CLASSIFICATION NUMBER
Classification number 304.632072
Edition number 19
Author mark and year UNR 1979
111 2# - MAIN ENTRY--MEETING NAME
Meeting name or jurisdiction name as entry element Regional Workshop on Techniques of Analysis of World Fertility Survey Data
Date of meeting (1978 :
Location of meeting Bombay, India)
9 (RLIN) 102485
245 10 - TITLE STATEMENT
Title Regional Workshop on Techniques of Analysis of World Fertility Survey Data :
Remainder of title report and selected papers /
246 30 - VARYING FORM OF TITLE
Title proper/short title Report and selected papers.
260 0# - PUBLICATION, DISTRIBUTION, ETC. (IMPRINT)
Place of publication, distribution, etc. Voorburg, Netherlands :
Name of publisher, distributor, etc. International Statistical Institute ;
Place of publication, distribution, etc. London :
Name of publisher, distributor, etc. World Fertility Survey,
Date of publication, distribution, etc. 1979
300 ## - PHYSICAL DESCRIPTION
Pagination 176 p. :
Illustrations ill. ;
Size 24 cm.
490 1# - SERIES STATEMENT
Series statement Occasional papers / World Fertility Survey ;
Volume/sequential designation no. 22
500 ## - GENERAL NOTE
General note "Organised by the Economic and Social Commission for Asia and the Pacific in co-operation with the World Fertility Survey and the International Institute for Population Studies."
General note "Essentially a reprint of "Asian Population Studies Series, No. 44", of the ESCAP"--P. 5.
504 ## - BIBLIOGRAPHY, ETC. NOTE
Bibliography, etc Includes bibliographies.
610 20 - SUBJECT ADDED ENTRY--CORPORATE NAME
Corporate name or jurisdiction name as entry element World Fertility Survey
650 #0 - SUBJECT ADDED ENTRY--TOPICAL TERM
Topical term or geographic name as entry element Fertility, Human
Form subdivision Congresses.
9 (RLIN) 102472
710 20 - ADDED ENTRY--CORPORATE NAME
Corporate name or jurisdiction name as entry element United Nations.
Subordinate unit Economic and Social Commission for Asia and the Pacific.
9 (RLIN) 4461
Corporate name or jurisdiction name as entry element World Fertility Survey.
9 (RLIN) 102474
Corporate name or jurisdiction name as entry element International Institute for Population Studies.
9 (RLIN) 102475
830 #0 - SERIES ADDED ENTRY--UNIFORM TITLE
Volume number/sequential designation no. 22.
830 #0 - SERIES ADDED ENTRY--UNIFORM TITLE
Uniform title Occasional papers (World Fertility Survey) ;
942 ## - ADDED ENTRY ELEMENTS (KOHA)
Source of classification or shelving scheme Dewey Decimal Classification
Koha item type Books
Holdings
Lost status Source of classification or shelving scheme Damaged status Not for loan Collection code Permanent Location Current Location Shelving location Date acquired Source of acquisition Total Checkouts Full call number Date last seen Copy number Koha item type
  Dewey Decimal Classification   Not For Loan Non-fiction Central Library, University of Rajshahi Central Library, University of Rajshahi Reading Room 03/06/1980 Thailand   304.632072 UNR 1979 11/05/2014 C-1 Books